000 00484nam a22001577u 4500
008 130405s2002 xxu||||| |||| 00| 0 spa d
020 _a8484402800
041 _aspa
100 1 _aPrieto Ramiro, Rafael
_929668
245 0 0 _aCáritas Adviento y Navidad 2002-2003
_b:Como la gallina a sus polluelos
_cRafael Prieto Ramiro
260 _aMadrid:
_bCáritas Española,
_c2002
300 _a261 p.
_c;21 cm.
650 0 4 _aLiturgia
_xNavidad y adviento
_918909
942 _cBK
001 76801
999 _c255952
_d255952